000 01063nam a22003137a 4500
003 CHAP
005 20220329140333.0
008 971013s1981 r 00010 d
010 _a50606
011 _a51578
035 _a55728
040 _cCHAP
090 _aTesis
100 0 0 _aPlasencia Díaz, Jorge Mario.
_989106
245 _aEfecto de la monensina (C36 H61 O11 Na) sobre el consumo de alimento por cabras en estabulación
260 _aMonterrey, N.L. :
_bEl autor,
_c1981
300 _a43 h.
_b: gráfs.
502 _aTesis (Ing. Agr. Zootecnista) -- ITESM. Div. de Ciencias Agropecuarias y Marítimas
590 _aALEPH
_b10
_c20130110
_lUCH01
_h1325
590 _aBATCH-UPD
_b10
_c20130110
_lUCH01
_h0803
590 _aBATCH-UPD
_b10
_c20130410
_lUCH01
_h0441
590 _aBATCH-UPD
_b10
_c20130913
_lUCH01
_h2011
590 _aCONVERSION
_b10
_c20130109
_lUCH01
_h1327
650 1 4 _aAditivos alimenticios.
_9907
650 1 4 _aGanado caballar
_xAlimentación.
_944968
901 _aBK
942 _cTESIS
949 _bBC
_cTES
_d-122129
_eTS1
_i55728
_si
999 _c50606
_d50606